समर्थ की सीमाएं / (Record no. 162647)

MARC details
000 -LEADER
fixed length control field 00996nam a22002537a 4500
005 - DATE AND TIME OF LATEST TRANSACTION
control field 20190318155622.0
010 ## - LCCN (DPL NO)
LC control number 1819HN15
020 ## - INTERNATIONAL STANDARD BOOK NUMBER
Terms of availability 575.00
International Standard Book Number 9789380337098
037 ## - SOURCE OF ACQUISITION
Source of stock number/acquisition ममता प्रकाशन
082 ## - DEWEY DECIMAL CLASSIFICATION NUMBER
Classification number
Item number यात्रीसे
100 ## - MAIN ENTRY--PERSONAL NAME
Personal name यात्री, से.रा.
245 ## - TITLE STATEMENT
Title समर्थ की सीमाएं /
Statement of responsibility, etc से.रा.यात्री
246 ## - VARYING FORM OF TITLE
Title proper/short title Samarth ki simayen
Remainder of title by Se.Ra.Yatri
260 ## - PUBLICATION, DISTRIBUTION, ETC. (IMPRINT)
Place of publication, distribution, etc दिल्ली
Name of publisher, distributor, etc ममता प्रकाशन
Date of publication, distribution, etc 2019
270 ## - ADDRESS
Address ई-5/13, लाजपतराय चौक कृषण नगर
City दिल्ली
Postal code 110051
300 ## - PHYSICAL DESCRIPTION
Extent 190पृष्ठ.
Dimensions 21सेमी(सजिल्द)
500 ## - GENERAL NOTE
General note AIRPORT
650 ## - SUBJECT ADDED ENTRY--TOPICAL TERM
Topical term or geographic name as entry element हिंदी साहित्य
650 ## - SUBJECT ADDED ENTRY--TOPICAL TERM
Topical term or geographic name as entry element हिंदी उपन्यास
650 ## - SUBJECT ADDED ENTRY--TOPICAL TERM
Topical term or geographic name as entry element hindi Literature
650 ## - SUBJECT ADDED ENTRY--TOPICAL TERM
Topical term or geographic name as entry element Hindi novel
700 ## - ADDED ENTRY--PERSONAL NAME
Personal name
9 (RLIN) 78385
942 ## - ADDED ENTRY ELEMENTS (KOHA)
Source of classification or shelving scheme Dewey Decimal Classification
Item type Hindi Books
Classification part
Call number suffix यात्रीसे

No items available.


© Delhi Public Library
Hit Counter
free hit counter